000 00639nam a2200217Ia 4500
005 20241129111141.0
008 241129s9999||||xx |||||||||||||| ||und||
020 _a978-93-90702-11-4
037 _aTB
040 _aCRL
_beng
_cCRL
041 _aeng
_2eng
084 _aQ2:4:(Z2), R4
_qCRL
100 _aKrishna Kumari Au.
_939657
245 0 _aAncient Indian law : its implementation, rights and protection
_cKrishna Kumari Au.
260 _aDelhi, India
_bPrashant Publishing House
_c2024
300 _avi,252p.
365 _aINR
_b1495
650 _aReligion
942 _cTB
_hQ2:4:(Z2), R4
999 _c1229159
_d1229159